Advances in Mathematical Sciences and Applications: An international journal

Saved in:
Bibliographic Details
Format: Journal
Language:English
Published: Tokyo: Gakkotosho Co.,LTD,
Tags: Add Tag
No Tags, Be the first to tag this record!
Institutions: Thư viện Trường Đại học Đà Lạt
LEADER 00503nam a2200205 4500
001 DLU080063292
022 # # |a 1343-4373 
040 # # |a DLU  |b eng 
041 # # |a eng 
245 # # |a Advances in Mathematical Sciences and Applications:  |b An international journal  
260 # # |a Tokyo:  |b Gakkotosho Co.,LTD, 
300 # # |a tr.;  |c 25cm 
994 # # |a DLU 
900 # # |a True 
911 # # |a Nguyễn Thị Minh Cầm 
925 # # |a G 
926 # # |a A 
927 # # |a TT 
980 # # |a Thư viện Trường Đại học Đà Lạt